Preparación al diploma de español - nivel C1
Salvato in:
| Autore principale: | |
|---|---|
| Altri autori: | |
| Natura: | Libro |
| Lingua: | spagnolo |
| Pubblicazione: |
Madrid
edelsa
2012
|
| Edizione: | primera edición |
| Soggetti: | |
| Tags: |
Nessun Tag, puoi essere il primo ad aggiungerne!!
|
MARC
| LEADER | 00000nam a2200000 4500 | ||
|---|---|---|---|
| 001 | 0242798 | ||
| 005 | 20240226134254.5 | ||
| 020 | |a 978-84-7711-688-2 | ||
| 041 | 0 | |a spa | |
| 044 | |a ES | ||
| 245 | 1 | 0 | |a Preparación al diploma de español - nivel C1 |c Rosa Maria Pérez, Leonor Quintana |
| 250 | |a primera edición | ||
| 264 | 1 | |a Madrid |b edelsa |c 2012 | |
| 300 | |a 144 s. |e 2 CD-ROM (CDI+CDII) | ||
| 500 | |a CD audiá s hispánskymi akcentmi. | ||
| 610 | 2 | 0 | |a jazykoveda |
| 610 | 2 | 0 | |a terminológia |
| 610 | 2 | 0 | |a jazyky cudzie |
| 610 | 2 | 0 | |a španielčina |
| 100 | 1 | |a Pérez, Rosa Maria | |
| 700 | 1 | |a Quintana, Leonor | |